Welcome to CU Library Online Public Access Catalogue (OPAC)

Opportunities in interior design and decorating careers / (Record no. 404)

MARC details
000 -LEADER
fixed length control field 00879cam a22002414a 4500
001 - CONTROL NUMBER
control field 12383188
005 - DATE AND TIME OF LATEST TRANSACTION
control field 20241030180524.0
008 - FIXED-LENGTH DATA ELEMENTS--GENERAL INFORMATION
fixed length control field 010418s2001 ilu 000 0 eng
020 ## - INTERNATIONAL STANDARD BOOK NUMBER
International Standard Book Number 0658017489 (hardback : acidfree paper)
020 ## - INTERNATIONAL STANDARD BOOK NUMBER
International Standard Book Number 9780658021190
050 00 - LIBRARY OF CONGRESS CALL NUMBER
Classification number NK2116
Item number .B3 2002
082 00 - DEWEY DECIMAL CLASSIFICATION NUMBER
Classification number 747/.023
Edition information 21
100 1# - MAIN ENTRY--PERSONAL NAME
Personal name Ball, Victoria Kloss.
245 10 - TITLE STATEMENT
Title Opportunities in interior design and decorating careers /
Statement of responsibility, etc. Victoria Kloss Ball ; foreword by Charles D. Gandy.
250 ## - EDITION STATEMENT
Edition statement Rev. ed. /
Remainder of edition statement rev. by David Stearns.
260 ## - PUBLICATION, DISTRIBUTION, ETC.
Place of publication, distribution, etc. Chicago :
Name of publisher, distributor, etc. VGM Career Books,
Date of publication, distribution, etc. c2002.
300 ## - PHYSICAL DESCRIPTION
Extent xi, 145 p. ;
Dimensions 21 cm.
440 #0 - SERIES STATEMENT/ADDED ENTRY--TITLE
Title VGM opportunities series
650 #0 - SUBJECT ADDED ENTRY--TOPICAL TERM
Topical term or geographic name entry element Interior decoration
General subdivision Vocational guidance
Geographic subdivision United States.
700 1# - ADDED ENTRY--PERSONAL NAME
Personal name Stearns, David.
856 42 - ELECTRONIC LOCATION AND ACCESS
Materials specified Publisher description
Uniform Resource Identifier <a href="http://www.loc.gov/catdir/description/mh024/2001035355.html">http://www.loc.gov/catdir/description/mh024/2001035355.html</a>
942 ## - ADDED ENTRY ELEMENTS (KOHA)
Source of classification or shelving scheme Library of Congress Classification
Koha item type Books
Suppress in OPAC No
999 ## -
-- 404
-- 404
Holdings
Withdrawn status Lost status Source of classification or shelving scheme Damaged status Not for loan Collection Home library Current library Shelving location Date acquired Total checkouts Full call number Barcode Date last seen Copy number Price effective from Koha item type
    Library of Congress Classification     Non-fiction Science Library (Miotso) Science Library (Miotso) General stacks 10/30/2024   NK2116 .B3 2002 SLM00000189 10/30/2024 1 10/30/2024 Books
    Library of Congress Classification     Non-fiction Science Library (Miotso) Science Library (Miotso) General stacks 10/30/2024   NK2116 .B3 2002 SLM00000190 10/30/2024 2 10/30/2024 Books
    Library of Congress Classification     Non-fiction Science Library (Miotso) Science Library (Miotso) General stacks 10/30/2024   NK2116 .B3 2002 SLM00000191 10/30/2024 3 10/30/2024 Books
© 2023-2024 Copyright: Central University Libraries. All Rights Reserved | Created by: Mahone Tech Office